000 01009nam a2200253 a 4500
001 48847
003 BD-RjUL
005 20211209054609.0
008 160816s1995 bg ||||| |||| 001 0 ben d
020 _c: Tk. 160.00
035 _a(BD-RjUL)48966
040 _aBD-RjUL
_bben
_cBD-RjUL
_dBD-RjUL
041 _aben
082 _223
_a388
_bRAA 1995
100 _aরহমান, মোঃ আতাউর
_9146934
245 1 0 _aআধুনিক পরিবহণ = (Modern Transportation) /
_cমোঃ আতাউর রহমান,
250 _aপরিবর্তিত ও পরিবর্ধিত ২য় সং.
260 _aঢাকা :
_bজাহানারা বুক হাউস,
_c১৯৯৫
300 _aviii, ৪৪০ পৃ. :
_bচিত্র ;
_c২০ সেমি.
504 _aগ্রন্থপঞ্জি ও নির্ঘন্ট সংযুক্ত
650 _aপরিবহন
_9146935
650 _aTransportation
_9146936
942 _2ddc
_cBK
999 _c48847
_d48847